000 00666nam a2200217 a 4500
001 000039533
003 DO-SdBNP
005 20240305095107.0
008 130705s1986 dr a 000 0 spa d
040 _aDO-SdBNP
_bspa
_cBNPHU
082 _a332.3
_bD238r
100 1 _aDauhajre, Andrés
_96000
245 1 0 _aReforma financiera en pequeñas economías abiertas /
_cAndrés Dauhajre.
260 _aSanto Domingo :
_bCentro de Estudios Monetarios y Bancarios,
_c1986.
300 _a97 p. :
_bil. ;
_c21 cm.
490 1 _aEstudios
650 4 _aMercados financieros
_zRepública Dominicana
_979085
830 0 _aEstudios
_93854
910 _aD/G
942 _2ddc
_cLBS1
999 _c39023
_d39023